000 00473nam a22001577a 4500
003 macl
005 20190820120736.0
008 190820b xxu||||| |||| 00| 0 eng d
040 _cmacl
082 _a891.432/THA/D
100 _aठाकरान, रामचन्‍द्र
_969410
245 _aदोषी कौन
260 _aदिल्‍ली
_bशिल्‍पी प्रकाशन
_c2017
650 _aनाटक
_976346
942 _2ddc
_cHIN
999 _c60808
_d60808